Taylor Swift "All Too Well (10 minute version)" full lyrics - Statistics

General Stats
  • This quiz has been taken 40 times
    39 since last reset
  • The average score is 889 of 979
Answer Stats
Lyrics: % Correct
a
100%
A
100%
all
100%
all,
100%
(All
100%
he
100%
I
100%
(I
100%
in
100%
it
100%
It
100%
remember
100%
So
100%
so
100%
the
100%
The
100%
there
100%
There
100%
there,
100%
there)
100%
to
100%
To
100%
too
100%
too?
100%
was
100%
we
100%
well
100%
well,
100%
Well,
100%
well?
100%
well)
100%
We're
100%
were
100%
where
100%
you,
100%
You
100%
you
100%
your
100%
always
96%
an
96%
And
96%
and
96%
be
96%
But
96%
but
96%
do
96%
her
96%
like
96%
love,
96%
love
96%
me
96%
me,
96%
my
96%
of
96%
That
96%
that
96%
then
96%
time
96%
Time
96%
town
96%
when
96%
again
92%
again,
92%
car,
92%
car
92%
for
92%
hair,
92%
it's
92%
"It's
92%
more
92%
no
92%
not
92%
Not
92%
Oh,
92%
oh,
92%
oh
92%
(Oh)
92%
on
92%
red
92%
scarf
92%
sister's
92%
skippin'
92%
sweet
92%
tee
92%
this
92%
what
92%
who
92%
are
88%
ball
88%
'bout
88%
could
88%
days
88%
down
88%
down,
88%
Down
88%
ever-
88%
ever
88%
every
88%
fall
88%
get
88%
getting
88%
glasses
88%
got
88%
had
88%
here
88%
home
88%
I'm
88%
keys,
88%
kitchen
88%
know
88%
left
88%
little
88%
long
88%
lookin'
88%
lost
88%
maybe
88%
might
88%
much
88%
never
88%
never-
88%
now
88%
Now
88%
okay,
88%
past,
88%
piece
88%
promise
88%
say
88%
Some
88%
street
88%
team
88%
these
88%
thinkin'
88%
up
88%
walk
88%
Wind
88%
with
88%
after
85%
After
85%
air
85%
Any
85%
as
85%
asked
85%
at
85%
back
85%
Back
85%
bed
85%
break
85%
by
85%
call
85%
called
85%
can
85%
casually
85%
'Cause
85%
'cause
85%
cold
85%
cruel
85%
dancin'
85%
dead
85%
door
85%
drawer,
85%
drive
85%
even
85%
eyed
85%
felt
85%
fine
85%
"Fuck
85%
future
85%
gaze
85%
gone
85%
ground,
85%
He's
85%
house
85%
just
85%
Just
85%
(Just
85%
kept
85%
Keychain
85%
kid
85%
light
85%
made
85%
magic's
85%
middle
85%
mind
85%
mother's
85%
name
85%
night
85%
night,
85%
nobody
85%
oath
85%
over
85%
patriarchy"
85%
refrigerator
85%
'round
85%
secret,
85%
sized
85%
somehow
85%
somethin'
85%
stairs,
85%
still
85%
stories
85%
swear
85%
tellin'
85%
That's
85%
thing
85%
through
85%
tossing
85%
translation
85%
twin
85%
us,
85%
us)
85%
used
85%
walked
85%
why
85%
about
81%
all's
81%
almost
81%
been
81%
being
81%
cheeks
81%
come
81%
counter,
81%
did
81%
die
81%
disposition
81%
ends
81%
first
81%
gonna
81%
hell
81%
honest
81%
I'd
81%
if
81%
masterpiece
81%
new
81%
paper
81%
rare,
81%
said
81%
said,
81%
same
81%
she?
81%
They
81%
'Til
81%
'til
81%
turnin'
81%
turning
81%
wide-
81%
age,
77%
age"
77%
broke
77%
buried
77%
Check
77%
cross
77%
dad
77%
enough
77%
fallin'
77%
find
77%
forget
77%
frame
77%
from
77%
From
77%
goes
77%
good
77%
grave
77%
idea
77%
line
77%
loved
77%
lyin'
77%
months
77%
needed
77%
nothing
77%
old
77%
own
77%
picture
77%
prayer
77%
prayer,
77%
ran
77%
shame
77%
swearin'
77%
three
77%
tore
77%
tryin'
77%
twenty-one"
77%
upstate
77%
want
77%
we'd
77%
week
77%
went
77%
who's
77%
would've
77%
you've
77%
affair
73%
album
73%
Autumn
73%
before
73%
between
73%
bones
73%
can't
73%
closer
73%
double-
73%
else
73%
flame
73%
front
73%
half
73%
happened,
73%
held
73%
how
73%
jokes
73%
jokes,
73%
leaves
73%
lifeless
73%
lovers
73%
older,
73%
one
73%
paralyzed
73%
Photo
73%
punch
73%
reached
73%
real
73%
rid
73%
Runnin'
73%
Sacred
73%
self-
73%
self
73%
show
73%
singin'
73%
smells
73%
snow
73%
soldier
73%
stay
73%
supposed
73%
very
73%
weight
73%
won't
73%
you're
73%
actress
69%
alone
69%
askin'
69%
charmed
69%
coffee
69%
crumpled
69%
fell
69%
fly,
69%
fun
69%
"I'll
69%
innocence
69%
into
69%
jewel,
69%
keep
69%
known
69%
late-
69%
maim
69%
nights
69%
party
69%
pieces
69%
place
69%
pulse
69%
reflects
69%
reminds
69%
scared
69%
shine
69%
skin
69%
watch
69%
watched
69%
willin'
69%
yeah
69%
bathroom
65%
blue?
65%
mail
65%
paint
65%
returning
65%
shirt
65%
Sippin'
65%
wondered
65%
Brooklyn
62%
bruise
62%
lovely
62%
plaid
62%
barren
58%
city's
58%
needy,
58%
whose
58%
glistened
54%
weeping
46%
effacing
42%
taught
38%
No matching quizzes found
Score Distribution
Percent of People with Each Score
Percentile by Number Answered
Your Score History
You have not taken this quiz since the last reset